[Event "Solingen 3- Hansa Dortmund"]
[Site "?"]
[Date "2023.04.16"]
[Round "7.3"]
[White "Scholz, Christian"]
[Black "Kniest, Oliver"]
[Result "0-1"]
[WhiteElo "2335"]
[BlackElo "2300"]
[PlyCount "138"]
[SourceVersionDate "2023.06.22"]

1. d4 Nf6 2. c4 e6 3. Nf3 d5 4. cxd5 exd5 5. Nc3 c6 6. Bg5 h6 7. Bh4 Bf5 8. Qb3
g5 9. Bg3 Qb6 10. e3 Nbd7 11. Be2 Nh5 12. Be5 Nxe5 13. Nxe5 Nf6 14. Qxb6 axb6
15. g4 Bh7 16. h4 Bg7 17. Kd2 Ke7 18. Rh3 b5 19. f3 b4 20. Nd1 Nd7 21. Nxd7
Kxd7 22. Bd3 Bxd3 23. Kxd3 Bf6 24. e4 dxe4+ 25. fxe4 Ke6 26. Ne3 gxh4 27. Rf3
Bg5 28. d5+ cxd5 29. exd5+ Ke7 30. Nf5+ Kd7 31. Kc4 Rhc8+ 32. Kb3 b5 33. Rd1
Rc4 34. Nd4 f6 35. Rfd3 Re8 36. Nxb5 Rxg4 37. Nd4 Re3 38. Kxb4 Rxd3 39. Rxd3 h3
40. Rxh3 Rxd4+ 41. Kc5 Rd2 42. Rb3 Rc2+ 43. Kd4 Bc1 44. Rb7+ Kc8 45. Rf7 Bxb2+
46. Ke4 Rc7 47. Rf8+ Kd7 48. Kf5 Kd6 49. Rd8+ Rd7 50. Rb8 Be5 51. Rh8 Kxd5 52.
Rxh6 Ra7 53. Rh8 Rxa2 54. Rd8+ Kc6 55. Ke6 Ra7 56. Rc8+ Rc7 57. Rd8 Kc5 58. Rd1
Rc6+ 59. Kf5 Bd4 60. Ke4 Re6+ 61. Kf5 Re5+ 62. Kf4 Re2 63. Rh1 Kd5 64. Rh8 Rf2+
65. Kg3 Rf1 66. Kg2 Rg1+ 67. Kf3 Ke5 68. Rd8 Rf1+ 69. Kg2 Rd1 0-1

[Event "Solingen 3- Hansa Dortmund"]
[Site "?"]
[Date "2023.04.16"]
[Round "7.4"]
[White "Gupta, Milon"]
[Black "Kotter, Ralf"]
[Result "1/2-1/2"]
[WhiteElo "2177"]
[BlackElo "2360"]
[PlyCount "41"]
[SourceVersionDate "2023.06.22"]

1. Nf3 c5 2. e3 Nf6 3. b3 g6 4. Bb2 Bg7 5. Be2 Nc6 6. O-O O-O 7. d4 cxd4 8.
Nxd4 Nxd4 9. Bxd4 d5 10. c4 dxc4 11. Bxc4 Qa5 12. Qe2 Rd8 13. Bb2 a6 14. a4 Bf5
15. Nc3 Ng4 16. e4 Bxc3 17. Bxc3 Qxc3 18. exf5 Ne5 19. Rac1 Qd4 20. fxg6 hxg6
21. Rcd1 1/2-1/2

[Event "Solingen 3- Hansa Dortmund"]
[Site "?"]
[Date "2023.04.16"]
[Round "7.5"]
[White "Linker, Walter"]
[Black "Borchert, Stephan"]
[Result "0-1"]
[WhiteElo "2038"]
[BlackElo "2071"]
[PlyCount "100"]
[SourceVersionDate "2023.06.22"]

1. f4 d5 2. Nf3 Nf6 3. e3 g6 4. b3 Bg7 5. Bb2 O-O 6. Be2 c5 7. O-O Nc6 8. Ne5
Qb6 9. Nxc6 Qxc6 10. Bf3 Rd8 11. d3 b6 12. Nd2 Bb7 13. Qe1 Qc8 14. Qh4 d4 15.
e4 a5 16. a4 Qc7 17. Rae1 Rab8 18. Bc1 e6 19. Nc4 Ne8 20. e5 Bd5 21. Na3 Bf8
22. Bxd5 Rxd5 23. Nc4 Qd8 24. Qh3 Ng7 25. Nd2 Be7 26. Ne4 h5 27. g4 hxg4 28.
Qxg4 Nf5 29. Rf3 Qf8 30. Kh1 Qg7 31. Rg1 b5 32. axb5 Rd7 33. Bd2 Rxb5 34. Ra1
Ra7 35. Ng5 a4 36. Rh3 Bxg5 37. Qxg5 Qf8 38. Qg2 Qa8 39. Qxa8+ Rxa8 40. bxa4
Rb2 41. Rf3 Nh4 42. Rf2 Rxa4 43. Rc1 Raa2 44. Be1 Nf5 45. Kg1 Ne3 46. c3 dxc3
47. Rxc3 Rxf2 48. Bxf2 Ra1+ 49. Be1 Rxe1+ 50. Kf2 Nd1+ 0-1

[Event "Solingen 3- Hansa Dortmund"]
[Site "?"]
[Date "2023.04.16"]
[Round "7.6"]
[White "Peschel, Andreas"]
[Black "Krueger, Simon"]
[Result "1-0"]
[WhiteElo "2076"]
[BlackElo "1976"]
[PlyCount "91"]
[SourceVersionDate "2023.06.22"]

1. Nf3 d5 2. g3 Nf6 3. Bg2 g6 4. c4 c6 5. cxd5 cxd5 6. O-O Bg7 7. d4 O-O 8. Nc3
Nc6 9. Bf4 Ne4 10. Qb3 Na5 11. Qa4 Nxc3 12. bxc3 Bd7 13. Qb4 Rc8 14. Ne5 Be6
15. Rfd1 f6 16. Nd3 b6 17. Rac1 Qd7 18. Nc5 bxc5 19. Qxa5 g5 20. Be3 c4 21. Rb1
Rb8 22. a3 Rb3 23. Rxb3 cxb3 24. Qb4 Qc7 25. Qxb3 Rb8 26. Qa4 Kf8 27. h4 h6 28.
Qc2 Qc4 29. Rb1 Rxb1+ 30. Qxb1 gxh4 31. Qb8+ Kf7 32. Bf3 Bf8 33. Bh5+ Kg7 34.
gxh4 Qxc3 35. Bf3 Qc8 36. Qxa7 Bg4 37. Qc5 Qf5 38. Qxd5 Qxd5 39. Bxd5 Bxe2 40.
Be6 Kg6 41. Kg2 Bb5 42. Kg3 f5 43. d5 h5 44. Bg5 Ba4 45. Kf4 Bc2 46. Bd7 1-0

[Event "Solingen 3- Hansa Dortmund"]
[Site "?"]
[Date "2023.04.16"]
[Round "7.7"]
[White "Wolffgang, Georg"]
[Black "Blasek, Ralph"]
[Result "0-1"]
[WhiteElo "1919"]
[BlackElo "2185"]
[PlyCount "52"]
[SourceVersionDate "2023.06.22"]

1. d4 d5 2. Bf4 h5 3. Nf3 Nc6 4. c4 Nf6 5. Nc3 e6 6. e3 Bb4 7. h3 Ne4 8. Qc2 g5
9. Bh2 Qe7 10. a3 Bxc3+ 11. bxc3 g4 12. hxg4 hxg4 13. Bd6 Qf6 14. Be5 Rxh1 15.
Bxf6 gxf3 16. gxf3 Nxf6 17. cxd5 exd5 18. O-O-O Be6 19. e4 O-O-O 20. c4 Nxd4
21. Rxd4 Rxf1+ 22. Kb2 dxc4 23. Qd2 Rd7 24. Rxd7 Nxd7 25. f4 Nc5 26. Qd4 Rxf2+
0-1

[Event "Erkenschwick- Wattenscheid"]
[Site "?"]
[Date "2023.04.16"]
[Round "7.1"]
[White "Koscielski, Janusz"]
[Black "Ris, Robert"]
[Result "0-1"]
[WhiteElo "2252"]
[BlackElo "2446"]
[PlyCount "78"]
[SourceVersionDate "2023.06.22"]

1. e4 c5 2. c3 d5 3. exd5 Nf6 4. Qa4+ Nbd7 5. Qb3 g6 6. Nf3 Bg7 7. Be2 O-O 8.
O-O b6 9. c4 Bb7 10. Nc3 e6 11. dxe6 fxe6 12. d3 Nh5 13. Ng5 Qe7 14. Bxh5 gxh5
15. Qd1 h6 16. Nge4 h4 17. Be3 Rad8 18. Qe2 Ne5 19. Rad1 h3 20. f4 hxg2 21.
Kxg2 Nxd3 22. Rxd3 Bxc3 23. Rxc3 Bxe4+ 24. Kg1 Kh7 25. Bf2 Rxf4 26. Re3 Rdf8
27. Rxe4 Qg7+ 28. Kh1 Qb7 29. Re1 Rxf2 30. Qg4 Rf1+ 31. Rxf1 Rxf1+ 32. Kg2 Re1
33. Kf3 Rxe4 34. Qxe4+ Qxe4+ 35. Kxe4 Kg6 36. Ke5 Kf7 37. a3 Ke7 38. b3 a5 39.
a4 Kf7 0-1

[Event "Erkenschwick- Wattenscheid"]
[Site "?"]
[Date "2023.04.16"]
[Round "7.2"]
[White "De Winter, Arthur"]
[Black "Schiffer, Kai- Uwe"]
[Result "1/2-1/2"]
[WhiteElo "2374"]
[BlackElo "2278"]
[PlyCount "49"]
[SourceVersionDate "2023.06.22"]

1. e4 c6 2. d4 d5 3. e5 c5 4. dxc5 e6 5. a3 Bxc5 6. Qg4 Ne7 7. Nf3 O-O 8. Bd3
f5 9. exf6 Rxf6 10. Qh4 h6 11. b4 Bd6 12. Bb2 Rf4 13. Qh5 Nd7 14. O-O Nf6 15.
Bxf6 Rxf6 16. Nbd2 a5 17. b5 Qc7 18. Qe8+ Rf8 19. Bh7+ Kxh7 20. Qxf8 e5 21. Qf7
e4 22. Ng5+ hxg5 23. Qh5+ Kg8 24. Qe8+ Kh7 25. Qh5+ 1/2-1/2

[Event "Erkenschwick- Wattenscheid"]
[Site "?"]
[Date "2023.04.16"]
[Round "7.3"]
[White "Straeter, Timo"]
[Black "Jens, Jelmer"]
[Result "1-0"]
[WhiteElo "2310"]
[BlackElo "2397"]
[PlyCount "39"]
[SourceVersionDate "2023.06.22"]

1. d4 f5 2. Nf3 Nf6 3. c4 g6 4. Nc3 Bg7 5. e3 d6 6. Be2 O-O 7. O-O Qe8 8. b3 e5
9. dxe5 dxe5 10. Bb2 Nc6 11. Nd5 Rf7 12. b4 e4 13. Ng5 Nxd5 14. cxd5 Bxb2 15.
dxc6 Bxa1 16. Bc4 Qe7 17. cxb7 Bxb7 18. Nxf7 Qxb4 19. Ne5+ Kf8 20. Qxa1 1-0

[Event "Erkenschwick- Wattenscheid"]
[Site "?"]
[Date "2023.04.16"]
[Round "7.4"]
[White "Erwich, Frank"]
[Black "Wengenroth, Walter"]
[Result "1/2-1/2"]
[WhiteElo "2388"]
[BlackElo "2285"]
[PlyCount "46"]
[SourceVersionDate "2023.06.22"]

1. e4 c5 2. Nf3 e6 3. b3 d6 4. c4 Nf6 5. Nc3 Nc6 6. Bb2 e5 7. h3 g6 8. g3 Be6
9. Bg2 Qd7 10. Ng5 h6 11. Nxe6 fxe6 12. Ne2 g5 13. a3 Bg7 14. d3 Qf7 15. Qd2
O-O 16. b4 cxb4 17. axb4 Nd5 18. exd5 Qxf2+ 19. Kd1 Qxg2 20. Rg1 Rf1+ 21. Rxf1
Qxf1+ 22. Kc2 Nxb4+ 23. Kb3 Qf3 1/2-1/2

[Event "Erkenschwick- Wattenscheid"]
[Site "?"]
[Date "2023.04.16"]
[Round "7.5"]
[White "Sandkamp, Ralph"]
[Black "Willemze, Thomas"]
[Result "1/2-1/2"]
[WhiteElo "2229"]
[BlackElo "2363"]
[PlyCount "74"]
[SourceVersionDate "2023.06.22"]

1. Nf3 d5 2. g3 c5 3. Bg2 Nf6 4. O-O e6 5. c4 d4 6. e3 Nc6 7. exd4 cxd4 8. d3
h6 9. Na3 Bc5 10. Nc2 a5 11. b3 O-O 12. a3 e5 13. Rb1 Re8 14. b4 Bf8 15. Re1 e4
16. dxe4 d3 17. Ne3 axb4 18. Nd5 bxa3 19. Qxd3 a2 20. Ra1 Nb4 21. Qb3 Nxe4 22.
Nxb4 Qb6 23. Rxa2 Rxa2 24. Qxa2 Qxb4 25. Bd2 Qc5 26. Be3 Qh5 27. Qb1 Nd6 28.
Nd2 Qa5 29. c5 Nf5 30. Nc4 Qc7 31. Qb6 Qxb6 32. Nxb6 Bxc5 33. Nxc8 Rxc8 34.
Bxb7 Rb8 35. Bxc5 Rxb7 36. Re5 g6 37. Re2 Kg7 1/2-1/2

[Event "Erkenschwick- Wattenscheid"]
[Site "?"]
[Date "2023.04.16"]
[Round "7.6"]
[White "Erwich, Marc"]
[Black "Thiel, Thomas"]
[Result "1-0"]
[WhiteElo "2357"]
[BlackElo "2234"]
[PlyCount "39"]
[SourceVersionDate "2023.06.22"]

1. e4 e6 2. d4 d5 3. e5 c5 4. c3 Nc6 5. Nf3 Qb6 6. a3 Nh6 7. b4 cxd4 8. cxd4
Nf5 9. Be3 f6 10. exf6 gxf6 11. Bd3 Nxe3 12. fxe3 Bh6 13. Qe2 Bd7 14. O-O e5
15. Nc3 e4 16. Nxd5 exd3 17. Qxd3 Qd8 18. Qe4+ Kf7 19. Nxf6 Kg7 20. Nh5+ 1-0

[Event "Erkenschwick- Wattenscheid"]
[Site "?"]
[Date "2023.04.16"]
[Round "7.7"]
[White "Hirsch, Stefan"]
[Black "Langers, Alexander"]
[Result "0-1"]
[WhiteElo "2120"]
[BlackElo "2261"]
[PlyCount "48"]
[SourceVersionDate "2023.06.22"]

1. e4 c5 2. Nf3 e6 3. c3 Nf6 4. Bd3 Nc6 5. O-O d5 6. e5 Nd7 7. Re1 Qc7 8. Qe2
Be7 9. Bc2 g5 10. d4 g4 11. Ng5 h5 12. Nh7 cxd4 13. Bf4 Nf8 14. Nxf8 Bxf8 15.
Qd2 Bd7 16. cxd4 Nxd4 17. Qxd4 Qxc2 18. Nc3 Qf5 19. Rac1 Rg8 20. Ne2 Be7 21.
Qd2 a5 22. a3 Bd8 23. Ng3 Qg6 24. Ne4 dxe4 0-1

[Event "Erkenschwick- Wattenscheid"]
[Site "?"]
[Date "2023.04.16"]
[Round "7.8"]
[White "Eggenstein, Frank"]
[Black "Kaehmann, Joerg"]
[Result "1/2-1/2"]
[WhiteElo "1967"]
[BlackElo "2163"]
[PlyCount "113"]
[SourceVersionDate "2023.06.22"]

1. c4 e6 2. e4 c5 3. Nc3 Nc6 4. g3 g6 5. Bg2 Bg7 6. Nge2 Nge7 7. a3 a6 8. d3
Qc7 9. O-O O-O 10. Rb1 d6 11. b4 Bd7 12. Bf4 cxb4 13. axb4 Ne5 14. Qd2 Rac8 15.
Rfc1 f5 16. h3 fxe4 17. Nxe4 Bc6 18. Nd4 Qd7 19. Be3 Nf5 20. Nxc6 Nxc6 21. Kh1
Ncd4 22. Rf1 b6 23. Qa2 Kh8 24. Bf4 d5 25. Nc3 Ne7 26. Na4 Qa7 27. c5 b5 28.
Nb6 Rce8 29. Bd6 Rf7 30. Rbe1 Rd8 31. Be5 Bxe5 32. Rxe5 Nec6 33. Ree1 Nxb4 34.
Qb2 Nbc6 35. Rxe6 Rg7 36. Re3 Qf7 37. Rfe1 h5 38. Qa2 Nb4 39. Qd2 Nbc2 40. Re7
Qf6 41. Qh6+ Kg8 42. Nxd5 Qf8 43. Re8 Nxe1 44. Rxf8+ Rxf8 45. Qe3 Nec2 46. Qd2
Rgf7 47. f4 Re8 48. Be4 Kg7 49. Qa5 Re6 50. Qd8 Nc6 51. Qc8 N6d4 52. Nc7 Ree7
53. Ne8+ Kh7 54. Nd6 Rc7 55. Qe8 Rce7 56. Qc8 Rc7 57. Qe8 1/2-1/2

[Event "Katernberg- Bochum"]
[Site "?"]
[Date "2023.04.16"]
[Round "7.1"]
[White "Kotainy, Jens"]
[Black "Tomic, Bosko"]
[Result "0-1"]
[WhiteElo "2423"]
[BlackElo "2430"]
[PlyCount "146"]
[SourceVersionDate "2023.06.22"]

1. d4 Nf6 2. Bf4 c5 3. e3 g6 4. Nf3 Bg7 5. Be2 O-O 6. O-O d6 7. c3 b6 8. h3 Bb7
9. a4 a6 10. Nbd2 Nbd7 11. Re1 Re8 12. Bh2 Bc6 13. Bf1 cxd4 14. exd4 b5 15.
axb5 axb5 16. Qb3 Rxa1 17. Rxa1 Qb6 18. Qb4 Rb8 19. Bd3 Bh6 20. Qa5 Ra8 21.
Qxa8+ Bxa8 22. Rxa8+ Bf8 23. Nb3 Nd5 24. Ra5 Nc7 25. Bf4 Nf6 26. Ne1 Nfd5 27.
Bd2 e6 28. Nc2 Ne7 29. Nb4 Nc6 30. Nxc6 Qxc6 31. Na1 e5 32. Nc2 e4 33. Be2 d5
34. b4 f5 35. Na3 f4 36. Nxb5 e3 37. fxe3 fxe3 38. Bxe3 Nxb5 39. Rxb5 Qxc3 40.
Kf2 Bxb4 41. Rxd5 Be7 42. Re5 Bf6 43. Re4 Qc2 44. Kf3 Kg7 45. d5 Qb3 46. d6 Qd5
47. Bf4 g5 48. Bh2 Bd4 49. Bd3 Qf7+ 50. Ke2 Qa2+ 51. Kd1 Qxg2 52. d7 Qh1+ 53.
Re1 Qf3+ 54. Kd2 Bf6 55. Re6 Qg2+ 56. Re2 Qxh3 57. Be5 Qxd7 58. Rh2 h6 59.
Bxf6+ Kxf6 60. Rxh6+ Ke5 61. Rh1 g4 62. Rf1 g3 63. Re1+ Kf4 64. Re4+ Kf3 65.
Re3+ Kf2 66. Re2+ Kg1 67. Ke3 Qh3 68. Be4 Kf1 69. Bf3 Qe6+ 70. Kf4 Qh3 71. Bg4
Qh4 72. Kf3 g2 73. Rxg2 Qh1 0-1

[Event "Katernberg- Bochum"]
[Site "?"]
[Date "2023.04.16"]
[Round "7.2"]
[White "Kueppers, Timo"]
[Black "Tkachuk, Konstantyn"]
[Result "1/2-1/2"]
[WhiteElo "2238"]
[BlackElo "2249"]
[PlyCount "86"]
[SourceVersionDate "2023.06.22"]

1. c4 g6 2. e4 Bg7 3. d4 d6 4. Nc3 Nf6 5. Be2 O-O 6. Be3 e5 7. d5 c5 8. g4 Ne8
9. g5 f5 10. gxf6 Nxf6 11. h4 h5 12. Qd2 Na6 13. Nh3 Bxh3 14. Rxh3 Kh7 15.
O-O-O Ng8 16. Rg1 Bh6 17. Rhg3 Rf6 18. Nd1 Qe7 19. R1g2 Raf8 20. Qe1 Bf4 21.
Rg5 Bxg5 22. Bxg5 Qf7 23. Bxf6 Qxf6 24. Qg1 Ne7 25. Ne3 Nc7 26. Kd2 Ne8 27. Ke1
Qxh4 28. Rh2 Qxe4 29. Bxh5 Kg7 30. Bd1 Rf6 31. Bc2 Qf4 32. Qh1 Kf7 33. Qg1 Ng7
34. Rg2 Nef5 35. Rg4 Qh6 36. Be4 Nxe3 37. fxe3 Nf5 38. Ke2 Qh5 39. Kd3 Ne7 40.
Rg2 Nf5 41. Rg5 Qh6 42. a3 Ne7 43. Qg3 b6 1/2-1/2

[Event "Katernberg- Bochum"]
[Site "?"]
[Date "2023.04.16"]
[Round "7.3"]
[White "Hengelbrock, Joachim"]
[Black "Rosen, Bernd"]
[Result "1-0"]
[WhiteElo "2269"]
[BlackElo "2313"]
[PlyCount "93"]
[SourceVersionDate "2023.06.22"]

1. d4 Nf6 2. Nf3 c5 3. d5 d6 4. c4 e5 5. Nc3 Be7 6. h3 Nbd7 7. e4 Nf8 8. Qc2
Ng6 9. g3 O-O 10. Be3 a6 11. Nd2 Bd7 12. a3 Ne8 13. Bd3 Bg5 14. Nf1 Rc8 15. h4
Be7 16. h5 Nh8 17. f3 b5 18. Nd2 Nc7 19. b3 Bg5 20. f4 Bf6 21. O-O-O Re8 22.
Rdf1 b4 23. Na2 bxa3 24. Nf3 Qe7 25. f5 Bxf5 26. g4 Bxg4 27. Qg2 Bxf3 28. Rxf3
Red8 29. Rxf6 Ne8 30. Rf2 Qb7 31. Bc2 Kf8 32. Kd2 f6 33. Ke2 Nf7 34. h6 g6 35.
Rhf1 Rd7 36. Bd2 Qb6 37. Nc3 Kg8 38. Ra1 g5 39. Qh3 Qd8 40. Rxa3 Ra8 41. Kd3
Qe7 42. Rf1 Nh8 43. Bd1 Ng6 44. Qe6+ Kh8 45. Bg4 Rda7 46. Qxe7 Rxe7 47. Rfa1
1-0

[Event "Katernberg- Bochum"]
[Site "?"]
[Date "2023.04.16"]
[Round "7.4"]
[White "Schimnatkowski, Lukas"]
[Black "Tkachuk, Sergij"]
[Result "1/2-1/2"]
[WhiteElo "2261"]
[BlackElo "2235"]
[PlyCount "129"]
[SourceVersionDate "2023.06.22"]

1. e4 c5 2. Nc3 Nc6 3. Bb5 Nd4 4. Bc4 g6 5. Nf3 Bg7 6. Nxd4 cxd4 7. Qf3 e6 8.
Nb5 d6 9. Qa3 Ke7 10. c3 e5 11. cxd4 exd4 12. O-O a6 13. Qf3 Be6 14. Bxe6 fxe6
15. Na3 Nh6 16. d3 Nf7 17. Qh3 b5 18. Bd2 Qd7 19. f4 Bf6 20. Rae1 h6 21. Qg3
Rhg8 22. e5 dxe5 23. fxe5 Bg5 24. Bxg5+ hxg5 25. Nc2 Rac8 26. Qf2 Rcf8 27. Qd2
Ke8 28. Qa5 Nd8 29. Nb4 Nc6 30. Nxc6 Qxc6 31. Qd2 Rf5 32. g4 Rf3 33. Rc1 Rxf1+
34. Rxf1 Rf8 35. Rxf8+ Kxf8 36. Qxg5 Kg7 37. Qf6+ Kh7 38. Qf7+ Kh8 39. Qf8+ Kh7
40. Qf7+ Kh8 41. Qf4 Kg7 42. Qxd4 Qc1+ 43. Kg2 Qd2+ 44. Kh3 b4 45. Qe4 Qxb2 46.
Qf4 Qxa2 47. Kh4 Qe2 48. Kg5 Qxd3 49. Qf6+ Kh7 50. Qe7+ Kh8 51. Qxb4 Qd7 52.
Qf8+ Kh7 53. Qh6+ Kg8 54. Qxg6+ Kh8 55. Qf6+ Kg8 56. Qg6+ Kh8 57. Qe4 Kg7 58.
Kf4 a5 59. h4 a4 60. Qb4 Qa7 61. h5 Qf2+ 62. Ke4 Qe2+ 63. Kf4 Qf2+ 64. Ke4 Qe2+
65. Kf4 1/2-1/2

[Event "Katernberg- Bochum"]
[Site "?"]
[Date "2023.04.16"]
[Round "7.5"]
[White "Werthebach, Felix"]
[Black "Wessendorf, Thomas"]
[Result "1-0"]
[WhiteElo "2234"]
[BlackElo "2271"]
[PlyCount "59"]
[SourceVersionDate "2023.06.22"]

1. c4 e5 2. g3 Nf6 3. Bg2 c6 4. d4 e4 5. d5 Bb4+ 6. Bd2 Qe7 7. Qb3 Bxd2+ 8.
Nxd2 Na6 9. Qe3 cxd5 10. cxd5 Nb4 11. Rc1 Nbxd5 12. Qd4 O-O 13. Nxe4 Re8 14.
Nxf6+ Nxf6 15. e3 a5 16. a3 Ra6 17. Ne2 Re6 18. O-O b6 19. Rfd1 g5 20. Nc3 h5
21. Nb5 Rd8 22. Nc7 d5 23. Nxe6 Qxe6 24. e4 Bb7 25. Rc7 Ba8 26. Qe3 Qe5 27.
Qxb6 Nxe4 28. Rxf7 Rd6 29. Qc7 d4 30. Re7 1-0

[Event "Katernberg- Bochum"]
[Site "?"]
[Date "2023.04.16"]
[Round "7.6"]
[White "Bee, Marcus"]
[Black "Backwinkel, Paul"]
[Result "1/2-1/2"]
[WhiteElo "2197"]
[BlackElo "2284"]
[PlyCount "30"]
[SourceVersionDate "2023.06.22"]

1. Nf3 d5 2. c4 c6 3. g3 Nf6 4. Bg2 Bf5 5. cxd5 cxd5 6. Qb3 Qc8 7. Nc3 e6 8.
O-O Nc6 9. d3 Be7 10. Bf4 O-O 11. Rac1 Nd7 12. Nb5 Nc5 13. Qd1 Qd7 14. Nbd4
Nxd4 15. Nxd4 Bg6 1/2-1/2

[Event "Katernberg- Bochum"]
[Site "?"]
[Date "2023.04.16"]
[Round "7.7"]
[White "Wuebker, Paul- Luca"]
[Black "Meyer, Armin"]
[Result "1-0"]
[WhiteElo "2169"]
[BlackElo "2204"]
[PlyCount "81"]
[SourceVersionDate "2023.06.22"]

1. d4 d5 2. c4 dxc4 3. e3 Nf6 4. Bxc4 g6 5. Nf3 Bg7 6. O-O O-O 7. Nc3 a6 8. b4
Bf5 9. Qb3 b5 10. Be2 Nbd7 11. a4 c6 12. a5 Ne4 13. Bb2 Nd6 14. Rfd1 Be6 15.
Qc2 Bc4 16. Ne5 Nxe5 17. dxe5 Bxe5 18. Bxc4 bxc4 19. Ne4 Bxb2 20. Qxb2 Qb8 21.
Rxd6 f5 22. Rxc6 fxe4 23. Rxc4 Rf5 24. Rxe4 Qd6 25. Qb3+ Kf8 26. Rd1 Qf6 27. f3
Rb8 28. Qc4 g5 29. Rdd4 Rfb5 30. Qc7 R8b7 31. Qc8+ Kf7 32. h3 Qf5 33. Qc4+ e6
34. Qc8 Qf6 35. Rd6 Re7 36. Qxa6 Qa1+ 37. Kh2 Re5 38. Qc4 Kf6 39. a6 Rxe4 40.
Qxe4 h5 41. Qd4+ 1-0

[Event "Katernberg- Bochum"]
[Site "?"]
[Date "2023.04.16"]
[Round "7.8"]
[White "Mazarov, Juergen"]
[Black "Korchynskyi, Mykola"]
[Result "1-0"]
[WhiteElo "2069"]
[BlackElo "2143"]
[PlyCount "57"]
[SourceVersionDate "2023.06.22"]

1. d4 g6 2. c4 Bg7 3. Nc3 d6 4. e4 e5 5. d5 h5 6. Nf3 Nd7 7. Be3 Bh6 8. Bd3 f6
9. Qc2 Nf8 10. O-O-O Qe7 11. Kb1 Bd7 12. c5 Bxe3 13. cxd6 cxd6 14. fxe3 a6 15.
Na4 Rc8 16. Qb3 Bxa4 17. Qxa4+ Qd7 18. Qb4 g5 19. Nd2 Ng6 20. Nc4 Rd8 21. Na5
Rh7 22. Rc1 Nh6 23. h3 Kf8 24. Rc2 Kg8 25. Rhc1 Nh4 26. Qb6 Rf8 27. Rc7 Qa4 28.
b3 Qe8 29. Qxd6 1-0

[Event "Lieme- Münster"]
[Site "?"]
[Date "2023.04.16"]
[Round "7.1"]
[White "Schmitzer, Klaus"]
[Black "Niermann, Tristan"]
[Result "0-1"]
[WhiteElo "2238"]
[BlackElo "2312"]
[PlyCount "100"]
[SourceVersionDate "2023.06.22"]

1. d4 Nf6 2. Bg5 d5 3. e3 c5 4. Nd2 cxd4 5. exd4 Qb6 6. Nb3 Ne4 7. Be3 Nc6 8.
Nf3 Bg4 9. Be2 e6 10. O-O Be7 11. c4 O-O 12. Ne5 Bxe2 13. Qxe2 Nxe5 14. dxe5
Qa6 15. Qg4 h5 16. Qxh5 dxc4 17. Nd4 Qa5 18. Nf3 Rfd8 19. h4 Nf6 20. Qg5 Nd5
21. Qh5 Nf6 22. Qg5 Nd5 23. Qh5 Nxe3 24. fxe3 Rf8 25. Rad1 Rad8 26. Qg4 Qxa2
27. Ng5 Bxg5 28. Qxg5 Rxd1 29. Rxd1 Qxb2 30. Rd4 Qb1+ 31. Kh2 Qf5 32. Qg3 Rc8
33. Rg4 Qh7 34. Qf3 Qf5 35. Rf4 Qxe5 36. Qxb7 Qc7 37. Qb1 c3 38. g3 Qb6 39. Qf1
c2 40. Qc1 Qb1 41. Rf1 Qxc1 42. Rxc1 f5 43. g4 fxg4 44. Kg3 Rc4 45. e4 a5 46.
Kxg4 a4 47. Kf4 a3 48. Ke3 a2 49. Kd2 Rc8 50. e5 Kh7 0-1

[Event "Lieme- Münster"]
[Site "?"]
[Date "2023.04.16"]
[Round "7.2"]
[White "Wittke, Rene"]
[Black "Chilla, Jan Eric"]
[Result "1/2-1/2"]
[WhiteElo "2321"]
[BlackElo "2239"]
[PlyCount "38"]
[SourceVersionDate "2023.06.22"]

1. d4 Nf6 2. Nf3 e6 3. g3 d5 4. Bg2 b5 5. a4 b4 6. c4 Bb7 7. Nbd2 c5 8. cxd5
Bxd5 9. dxc5 Bxc5 10. O-O Nbd7 11. Nb3 Be7 12. Bf4 O-O 13. Ne5 Nxe5 14. Bxe5
Bxg2 15. Kxg2 Qb6 16. Qd3 Rfd8 17. Qf3 Rac8 18. Rac1 h6 19. Rfd1 Qa6 1/2-1/2

[Event "Lieme- Münster"]
[Site "?"]
[Date "2023.04.16"]
[Round "7.3"]
[White "Muschik, Benedikt"]
[Black "Bentel, Robin"]
[Result "1/2-1/2"]
[WhiteElo "2297"]
[BlackElo "2222"]
[PlyCount "45"]
[SourceVersionDate "2023.06.22"]

1. d4 Nf6 2. Bf4 g6 3. e3 Bg7 4. Nf3 O-O 5. Be2 d6 6. O-O c5 7. c3 cxd4 8. exd4
Qb6 9. Qb3 Be6 10. Qxb6 axb6 11. a3 Nc6 12. Nbd2 Rfe8 13. Rfe1 Bf5 14. Bb5 Rad8
15. Bg5 d5 16. Ne5 Rc8 17. h3 h6 18. Bxf6 exf6 19. Nef3 h5 20. Nf1 Bh6 21. Ne3
Be6 22. Re2 Red8 23. Nc2 1/2-1/2

[Event "Lieme- Münster"]
[Site "?"]
[Date "2023.04.16"]
[Round "7.4"]
[White "Himpenmacher, Andy"]
[Black "Wolter, Kai"]
[Result "1/2-1/2"]
[WhiteElo "2219"]
[BlackElo "2209"]
[PlyCount "92"]
[SourceVersionDate "2023.06.22"]

1. Nf3 Nf6 2. b3 d5 3. Bb2 Bf5 4. e3 e6 5. Nh4 Bg4 6. Be2 Bxe2 7. Qxe2 Nbd7 8.
O-O Be7 9. f4 O-O 10. d3 a5 11. a4 c6 12. Nd2 b5 13. Nhf3 Qb6 14. Kh1 Nc5 15.
Bd4 Qc7 16. Ne5 bxa4 17. Bxc5 Bxc5 18. Rxa4 Bb4 19. Ndf3 Bc3 20. g4 Ne8 21. d4
f6 22. Nd3 Nd6 23. Nc5 Rfe8 24. Ra2 Bb4 25. Na4 Ne4 26. Qd3 Qf7 27. c3 Qg6 28.
f5 exf5 29. cxb4 fxg4 30. Ne1 axb4 31. Rg2 h5 32. Rf4 Ra7 33. Rc2 f5 34. Qf1
Ng5 35. Ng2 Nf3 36. Ne1 Ng5 37. Qd3 Ne4 38. Ng2 Qf6 39. Qf1 g6 40. Qc1 Re6 41.
Qe1 g5 42. Rf1 Rb7 43. Qa1 Ra7 44. Qe1 Rb7 45. Qa1 Ra7 46. Qe1 Rb7 1/2-1/2

[Event "Lieme- Münster"]
[Site "?"]
[Date "2023.04.16"]
[Round "7.6"]
[White "Schaffarczyk, Andre"]
[Black "Wichtrup, Jan- Louis"]
[Result "1-0"]
[WhiteElo "2157"]
[BlackElo "2135"]
[PlyCount "57"]
[SourceVersionDate "2023.06.22"]

1. e4 e5 2. Nf3 Nc6 3. Bc4 Bc5 4. b4 Bxb4 5. c3 Ba5 6. d4 d6 7. Qb3 Qd7 8. O-O
Bb6 9. Nbd2 Na5 10. Qc2 Nxc4 11. Nxc4 exd4 12. cxd4 Ne7 13. a4 Nc6 14. Qc3 a5
15. Nxb6 cxb6 16. d5 Ne7 17. Bb2 f6 18. Nd4 Qd8 19. Nb5 O-O 20. Qg3 Bd7 21.
Nxd6 Qb8 22. Rfc1 Nc8 23. Nxb7 Qxg3 24. hxg3 b5 25. Rc7 Be8 26. axb5 a4 27. Ba3
Rf7 28. Rxf7 Kxf7 29. Rc1 1-0

[Event "Lieme- Münster"]
[Site "?"]
[Date "2023.04.16"]
[Round "7.7"]
[White "Rott, Georg"]
[Black "Krallmann, Matthias"]
[Result "1-0"]
[WhiteElo "2138"]
[BlackElo "2168"]
[Annotator "daniel"]
[PlyCount "101"]
[SourceVersionDate "2023.06.22"]

1. e4 c6 2. d4 d5 3. e5 c5 4. dxc5 e6 5. a3 Bxc5 6. b4 Be7 7. Nf3 a5 8. b5 Qc7
9. Bd3 Nd7 10. Bb2 f6 11. Qe2 Nc5 12. O-O Bd7 13. Nbd2 Nxd3 14. Qxd3 Nh6 15.
exf6 Bxf6 16. Bxf6 gxf6 17. c4 dxc4 18. Nxc4 O-O 19. a4 Rad8 20. Qe4 e5 21.
Rac1 Bf5 22. Qh4 Qg7 23. h3 Bd3 24. Rfd1 e4 25. Ne1 Nf5 26. Qh5 Rd5 27. Nb6 Re5
28. Qg4 Qxg4 $11 29. hxg4 Nd4 30. Nxd3 exd3 31. Rc7 Rd8 32. Rd7 Rxd7 33. Nxd7
Re6 34. Nc5 Re7 35. Rxd3 Ne2+ 36. Kf1 b6 37. Nd7 Nf4 38. Rd6 Kg7 39. g3 Ne6 40.
Nxb6 Nc5 41. Rc6 Nd3 42. Nc4 Re1+ 43. Kg2 Re2 44. Kf3 Rc2 45. Ke3 Nxf2 46. Nxa5
Nxg4+ 47. Kf4 Ra2 48. Kxg4 Rxa4+ 49. Nc4 Kg6 50. b6 Rb4 51. Kf4 1-0

[Event "Lieme- Münster"]
[Site "?"]
[Date "2023.04.16"]
[Round "7.8"]
[White "Wolf, Andre"]
[Black "Kamp, Christoph"]
[Result "1/2-1/2"]
[WhiteElo "2089"]
[BlackElo "2193"]
[PlyCount "33"]
[SourceVersionDate "2023.06.22"]

1. d4 d5 2. Nf3 e6 3. c4 c6 4. e3 f5 5. Be2 Nf6 6. O-O Bd6 7. b3 Qe7 8. a4 a5
9. Ba3 b6 10. Qc2 O-O 11. Rc1 Bb7 12. Bxd6 Qxd6 13. cxd5 cxd5 14. Ne5 Na6 15.
Na3 Rac8 16. Qb2 Nb4 17. Nb5 1/2-1/2

[Event "Oberhausen- Sodingen"]
[Site "?"]
[Date "2023.04.16"]
[Round "7.1"]
[White "Boehnke, Martin"]
[Black "Becker, Marcel"]
[Result "0-1"]
[WhiteElo "2159"]
[BlackElo "2324"]
[PlyCount "64"]
[SourceVersionDate "2023.06.22"]

1. d4 d5 2. c4 c6 3. cxd5 cxd5 4. Nc3 Nf6 5. Nf3 Nc6 6. Bf4 a6 7. e3 Bg4 8. Be2
e6 9. h3 Bxf3 10. Bxf3 Bd6 11. Bxd6 Qxd6 12. O-O O-O 13. Rc1 Rac8 14. Na4 Rc7
15. Qd2 Rd8 16. Rc2 e5 17. dxe5 Nxe5 18. Rxc7 Nxf3+ 19. gxf3 Qxc7 20. Qd4 Qd7
21. Kg2 Qf5 22. Rc1 Qg5+ 23. Kh2 Qf5 24. Kg2 h5 25. Rc7 Ne8 26. Rxb7 Qg6+ 27.
Kh2 Qc2 28. Kg2 Nd6 29. Rb6 Nf5 30. Qf4 d4 31. Rb8 Nxe3+ 32. Kg1 Qc1+ 0-1